[Event "Ruhrgebiet Verbandsklasse Gruppe 3 1516"]
[Site "Germany"]
[Date "2015.12.20"]
[Round "5.7"]
[White "Reichel, Hans Helmut"]
[Black "Gajda, Peter"]
[Result "0-1"]
[WhiteElo "1649"]
[BlackElo "1757"]
[PlyCount "62"]
[EventDate "2015.09.06"]
[EventType "team-tourn"]
[EventRounds "9"]
[EventCountry "GER"]
[SourceTitle "EXT 2022"]
[Source "ChessBase"]
[SourceDate "2021.10.06"]
[SourceVersion "1"]
[SourceVersionDate "2021.10.06"]
[SourceQuality "1"]
[WhiteTeam "Altenessen"]
[BlackTeam "Kirchhellen SF"]
[WhiteTeamCountry "GER"]
[BlackTeamCountry "GER"]

1. d4 g6 2. c4 Bg7 3. Nc3 d6 4. e4 Nf6 5. Bg5 0-0 6. Qd2 Nbd7 7. Bd3 c5 8. d5 Ne5 9. Nge2 Nxd3+ 10. Qxd3 Nd7 11. Qd2 Ne5 12. b3 Bh3 13. Nf4 Bxg2 14. Nxg2 Nf3+ 15. Ke2 Nxd2 16. Bxd2 Qd7 17. Rag1 a6 18. h4 b5 19. Ne3 bxc4 20. Nxc4 Rab8 21. h5 a5 22. f4 Bd4 23. Rg3 e6 24. dxe6 Qxe6 25. f5 Qe7 26. hxg6 fxg6 27. fxg6 Qf6 28. gxh7+ Kh8 29. Nd1 Rbe8 30. Be3 Bxe3 31. Kxe3 Qf4+ 0-1

[Event "Ruhrgebiet VK2 1112"]
[Site "Nordrheinwestfalen"]
[Date "2011.11.13"]
[Round "3.8"]
[White "Hillebrand, Elmar"]
[Black "Reichel, Hans Helmut"]
[Result "1-0"]
[WhiteElo "1727"]
[BlackElo "1572"]
[PlyCount "89"]
[EventDate "2012.09.18"]
[EventType "team-tourn"]
[EventRounds "9"]
[EventCountry "GER"]
[SourceTitle "EXT 2020"]
[Source "ChessBase"]
[SourceDate "2019.10.17"]
[SourceVersion "1"]
[SourceVersionDate "2019.10.17"]
[SourceQuality "1"]
[WhiteTeam "Recklinghausen Laeufer Ost II"]
[BlackTeam "Altenessen"]
[WhiteTeamCountry "GER"]
[BlackTeamCountry "GER"]

1. e4 e6 2. d4 b6 3. Be3 Bb7 4. Bd3 Nf6 5. Nd2 d6 6. h3 Nbd7 7. Ngf3 Be7 8. c3 c5 9. 0-0 d5 10. e5 Ne4 11. Bb5 a6 12. Bxd7+ Qxd7 13. Nxe4 dxe4 14. Nd2 f5 15. exf6 Bxf6 16. dxc5 bxc5 17. Bxc5 Qd5 18. Be3 0-0 19. Qb3 Qc6 20. Qc4 Rad8 21. Qxc6 Bxc6 22. Rfd1 Rd3 23. Nb3 Rfd8 24. Rxd3 exd3 25. Nc5 e5 26. Nxa6 Be7 27. Nb4 Bb7 28. Rd1 e4 29. Kf1 Kf7 30. Ke1 Ke6 31. Kd2 h5 32. a4 Bxb4 33. cxb4 Bd5 34. Rc1 Rb8 35. Bc5 Bb3 36. a5 Ra8 37. Rc3 Ba4 38. Bb6 Kd6 39. Rc5 Rf8 40. Rg5 Rf7 41. b5 Bb3 42. a6 Bd5 43. Rxh5 Rf8 44. a7 Bb7 45. Bc5+ 1-0

[Event "Ruhrgebiet VK2 0708"]
[Site "Germany"]
[Date "2008.01.20"]
[Round "5.6"]
[White "Reichel, Hans Helmut"]
[Black "Arndt, Olaf"]
[Result "1-0"]
[WhiteElo "1612"]
[BlackElo "2006"]
[PlyCount "45"]
[EventDate "2007.09.16"]
[EventType "team"]
[EventRounds "9"]
[EventCountry "GER"]
[SourceTitle "EXT 2009"]
[Source "ChessBase"]
[SourceDate "2008.11.26"]
[SourceVersion "1"]
[SourceVersionDate "2008.11.26"]
[SourceQuality "1"]
[WhiteTeam "Altenessen II"]
[BlackTeam "Horst Emscher II"]
[WhiteTeamCountry "GER"]
[BlackTeamCountry "GER"]

1. d4 f5 2. Nc3 Nf6 3. Bg5 e6 4. f3 Be7 5. Qd2 d5 6. 0-0-0 0-0 7. e4 fxe4 8. fxe4 dxe4 9. Bxf6 Bxf6 10. Nxe4 Bxd4 11. Nf3 Bf6 12. Bd3 Nc6 13. Rhe1 e5 14. Nxf6+ Qxf6 15. Ng5 Bf5 16. Rf1 Qg6 17. Bxf5 Rxf5 18. Qd5+ Kh8 19. Rxf5 h6 20. Qf7 Ne7 21. Qxg6 Nxg6 22. Nf7+ Kh7 23. Nxe5 1-0

[Event "Ruhrgebiet VL2 0708"]
[Site "Germany"]
[Date "2007.10.21"]
[Round "2.8"]
[White "Klueting, Reiner"]
[Black "Reichel, Hans Helmut"]
[Result "1/2-1/2"]
[WhiteElo "2142"]
[BlackElo "1612"]
[PlyCount "35"]
[EventDate "2007.09.02"]
[EventType "team"]
[EventRounds "9"]
[EventCountry "GER"]
[SourceTitle "EXT 2009"]
[Source "ChessBase"]
[SourceDate "2008.11.26"]
[SourceVersion "1"]
[SourceVersionDate "2008.11.26"]
[SourceQuality "1"]
[WhiteTeam "Wattenscheid III"]
[BlackTeam "Altenessen "]
[WhiteTeamCountry "GER"]
[BlackTeamCountry "GER"]

1. e4 e6 2. d4 b6 3. Bd3 Bb7 4. Nf3 Nf6 5. e5 Nd5 6. 0-0 c5 7. Nc3 Nxc3 8. bxc3 Be7 9. Qe2 d5 10. exd6 Qxd6 11. Bb5+ Nc6 12. dxc5 Qxc5 13. Be3 Qh5 14. Ba6 Bxa6 15. Qxa6 0-0 16. Qb7 Rfc8 17. Nd4 Nxd4 18. Bxd4 1/2-1/2